A Mind That Found Itself Clifford whittingham beers ligua inglese

Gespeichert in:
Bibliographische Detailangaben
Format: Buch
Sprache:Nichtbestimmte Sprache
Veröffentlicht: University Of Pittsburgh Press
Tags: Tag hinzufügen
Keine Tags, Fügen Sie das erste Tag hinzu!

MARC

LEADER 00000nam a2200000Ia 4500
001 R-1124
003 CODICE-MESSINA
005 20260212102502.0
008 260211s9999 xx 000 0 und d
040 |c importazione_messina 
245 2 |a A Mind That Found Itself 
245 0 |b Clifford whittingham beers ligua inglese 
260 |b University Of Pittsburgh Press 
942 |2 ddc  |c BK 
952 |0 0  |1 0  |2 ddc  |4 0  |6 SCAFFALE_11_000000000000000__ROMANZI  |7 0  |9 31955  |a ME  |b ME  |d 2026-02-11  |l 0  |o SCAFFALE 11 - ROMANZI  |p R-1124  |r 2026-02-11 23:52:53  |w 2026-02-11  |x [REVISIONARE]  |y BK 
999 |c 27620  |d 27620